000 00840nam a2200229 a 4500
001 44793
003 BD-RjUL
005 20211209053922.0
008 160720s1961 bg ||||| |||| 00| 0 ben d
020 _c: PRs.4.00
035 _a(BD-RjUL)44911
040 _aBD-RjUL
_bben
_cBD-RjUL
_dBD-RjUL
041 _aben
082 _223
_a491.44
_bLAS 1961
100 _aলাহিড়ী, শিবপ্রসন্ন
_9137303
245 1 0 _aসিলেটী ভাষাতত্ত্বের ভুমিকা /
_cশিবপ্রসন্ন লাহিড়ী,
260 _aঢাকা :
_bবাংঙ্‌লা একাডেমী,
_c১৯৬১
300 _a[৮], ১৫৯ পৃ. ;
_c২৭ সেমি.
650 _aবাংলা ভাষা
_9137304
650 _aBengali Language
_9137305
942 _2ddc
_cBK
999 _c44793
_d44793